| 000 | 00916nam a2200265 4500 | ||
|---|---|---|---|
| 999 |
_c14783 _d14783 |
||
| 003 | MIRAKIL | ||
| 005 | 20220131122540.0 | ||
| 008 | 220131b tu ||||| |||| 00| 0 tur d | ||
| 020 | _a9786257288576 | ||
| 040 |
_aTR-AnCHP _cTR-AnCHP |
||
| 041 | _atur | ||
| 082 |
_a551.226 _bK89i 2021 |
||
| 100 | _aKuzucu, Kemalettin | ||
| 245 | 1 | 0 |
_aİstanbul'un deprem gerçeği/ _cKemalettin Kuzucu, Naci Görür, Mikdat Kadıoğlu, Mehmet Nuray Aydınoğlu,... ve öte. |
| 260 |
_aİstanbul: _bİstanbul Büyükşehir Belediyesi, _c2021. |
||
| 300 |
_a542 s.: _bfotg.; _c27 sm. |
||
| 504 | _aDizin vardır. | ||
| 504 | _aKaynakça bölüm sonlarındadır. | ||
| 650 | 0 |
_95670 _aDepremler _xİstanbul |
|
| 651 | 0 |
_95576 _aİstanbul (Türkiye) _xDepremler _xSorunlar ve çözümler |
|
| 700 |
_96958 _aGörür, Naci |
||
| 700 |
_96959 _aKadıoğlu, Mikdat |
||
| 700 |
_96960 _aAydınoğlu, Mehmet Nuray |
||
| 942 |
_2ddc _cBKS |
||